| 000 | 01808nam a2200409 a 4500 | ||
|---|---|---|---|
| 001 | ebr10491875 | ||
| 003 | CaPaEBR | ||
| 006 | m u | ||
| 007 | cr cn||||||||| | ||
| 008 | 970203s1997 pauab sb 001 0 eng d | ||
| 010 | _z 97005392 | ||
| 020 | _z0812233999 (alk. paper) | ||
| 020 | _z9780812217247 | ||
| 020 | _z9780812200478 (e-book) | ||
| 040 |
_aCaPaEBR _cCaPaEBR |
||
| 035 | _a(OCoLC)645844075 | ||
| 043 | _an-us--- | ||
| 050 | 1 | 4 |
_aE310 _b.N49 1997eb |
| 082 | 0 | 4 |
_a973.4 _221 |
| 100 | 1 |
_aNewman, Simon P. _q(Simon Peter), _d1960- |
|
| 245 | 1 | 0 |
_aParades and the politics of the street _h[electronic resource] : _bfestive culture in the early American republic / _cSimon P. Newman. |
| 260 |
_aPhiladelphia, Pa. : _bPenn, University of Pennsylvania Press, _c1997. |
||
| 300 |
_axiv, 271 p. : _bill., maps. |
||
| 490 | 1 | _aEarly American studies | |
| 504 | _aIncludes bibliographical references (p. [245]-264) and index. | ||
| 533 |
_aElectronic reproduction. _bPalo Alto, Calif. : _cebrary, _d2013. _nAvailable via World Wide Web. _nAccess may be limited to ebrary affiliated libraries. |
||
| 650 | 0 |
_aFestivals _xPolitical aspects _zUnited States _xHistory _y18th century. |
|
| 650 | 0 |
_aPolitical culture _zUnited States _xHistory _y18th century. |
|
| 650 | 0 |
_aFestivals _xPolitical aspects _zUnited States _xHistory _y19th century. |
|
| 650 | 0 |
_aPolitical culture _zUnited States _xHistory _y19th century. |
|
| 651 | 0 |
_aUnited States _xPolitics and government _y1783-1809. |
|
| 651 | 0 |
_aUnited States _xPolitics and government _y1775-1783. |
|
| 655 | 7 |
_aElectronic books. _2local |
|
| 710 | 2 | _aebrary, Inc. | |
| 830 | 0 | _aEarly American studies. | |
| 856 | 4 | 0 |
_uhttp://site.ebrary.com/lib/rucke/Doc?id=10491875 _zAn electronic book accessible through the World Wide Web; click to view |
| 999 |
_c127385 _d127385 |
||